El traje nuevo del emperador /

Guardado en:
Autor Principal: Andersen, Hans Christian
Otros Autores: Fernández, Mariana; adap., Singer, Irene; il.
Formato: Libro
Publicado: Buenos Aires : Calibroscopio, 2013
Series:Líneas de arena
Materias:
Etiquetas: Agregar Etiqueta
Sin Etiquetas, Sea el primero en etiquetar este registro!
LEADER 00878nam a22002655a 4500
001 CEM.cems015573
005 20191217170057.0
008 130507s2013##################000#0#####d
003 CEMS
020 |a 9789871801299 
082 0 4 |a 839.81 
100 1 |a Andersen, Hans Christian 
245 1 0 |a El traje nuevo del emperador /  |c Hans Christian Andersen ; adaptado Por Mariana Fernández ; ilustrado Por Irene Singer 
260 |a Buenos Aires :  |b Calibroscopio,  |c 2013 
300 |a 24 p. 
490 0 |a Líneas de arena 
653 |a Literatura 
653 |a Literatura danesa 
653 |a Literatura infantil 
653 |a Cuentos infantiles 
653 |a Colección ciencias de la educación 
653 |a Cuentos tradicionales 
700 1 |a Fernández, Mariana; adap. 
700 1 |a Singer, Irene; il. 
859 |a CEMS  |b BIB. CEMS - Ccias. Educacion  |h 839.81  |i An226-1  |k CE  |p 29021.19  |t Ej.1